The Queen on the application of Delena Wells v Secretary of State for Transport, Local Government and the Regions (Record no. 117207)
[ view plain ]
| 000 -LEADER | |
|---|---|
| fixed length control field | 02574cam a2200277 4500 |
| 001 - CONTROL NUMBER | |
| control field | X125853 |
| 008 - FIXED-LENGTH DATA ELEMENTS--GENERAL INFORMATION | |
| fixed length control field | 040416n2004 000 0 eng u |
| 035 ## - SYSTEM CONTROL NUMBER | |
| System control number | (Sirsi) u125853 |
| 245 #4 - TITLE STATEMENT | |
| Title | The Queen on the application of Delena Wells v Secretary of State for Transport, Local Government and the Regions |
| 260 ## - PUBLICATION, DISTRIBUTION, ETC. | |
| Date of publication, distribution, etc. | 2004 |
| 520 ## - SUMMARY, ETC. | |
| Summary, etc. | C-201/02, 7 January 2004. Decision was referred to the European Court of Justice (ECJ) by the HC on 12 February 2002 for interpretation of Directive 85/337/EEC in relation to the grant of a new consent for mining operations at Conygor Quarry without an Environmental Impact Assessment (EIA) being carried out. Para 32 sets out five questions for interpretation by the ECJ. Questions one and two consider the obligation to carry out an EIA assessment. Question three looks at the obligation to remedy the failure to carry out an EIA. Questions four and five question the ability of individuals to invoke the provisions of the Directive. ECJ ruled that competent authorities are obliged to carry out an EIA at each stage of the consent process. Individuals also have the authority to invoke Art 2(1) in conjunction with Arts1(2) and 4(2) of the Directive. Under Art 10 of the Directive, authorities must take out all measures possible to remedy a failure to carry out an assessment. Procedural rules are a matter for each member state. It is up to the national courts to determine where a consent already granted should be revoked or suspended in order to subject projects to an EIA. Full details of ruling are available post para 71. (See also Abs67537). View decision at www.curia.eu.int. |
| 590 ## - LOCAL NOTE (RLIN) | |
| Local note | ABS |
| 590 ## - LOCAL NOTE (RLIN) | |
| Local note | ABS |
| 590 ## - LOCAL NOTE (RLIN) | |
| Local note | ABS |
| 650 ## - SUBJECT ADDED ENTRY--TOPICAL TERM | |
| Topical term or geographic name entry element | R V SOS TRANSPORT EX P WELLS |
| 650 ## - SUBJECT ADDED ENTRY--TOPICAL TERM | |
| Topical term or geographic name entry element | DIRECTIVE 85/337/EEC |
| 650 ## - SUBJECT ADDED ENTRY--TOPICAL TERM | |
| Topical term or geographic name entry element | ENVIRONMENTAL IMPACT ASSESSMENTS |
| 650 ## - SUBJECT ADDED ENTRY--TOPICAL TERM | |
| Topical term or geographic name entry element | PLANNING CONSENT |
| 650 ## - SUBJECT ADDED ENTRY--TOPICAL TERM | |
| Topical term or geographic name entry element | PLANNING AND COMPENSATION ACT 1991 S22 |
| 650 ## - SUBJECT ADDED ENTRY--TOPICAL TERM | |
| Topical term or geographic name entry element | PLANNING AND COMPENSATION ACT 1991 S22 |
| 690 ## - LOCAL SUBJECT ADDED ENTRY--TOPICAL TERM (OCLC, RLIN) | |
| Topical term or geographic name as entry element | ENVIRONMENT-CASE LAW |
| 856 ## - ELECTRONIC LOCATION AND ACCESS | |
| Uniform Resource Identifier | <a href="https://www.curia.eu.int/jurisp/cgi-bin/gettext.pl?lang=en&num=79959892C19020201&doc=T&ouvert=T&seance=ARRET&where=()">https://www.curia.eu.int/jurisp/cgi-bin/gettext.pl?lang=en&num=79959892C19020201&doc=T&ouvert=T&seance=ARRET&where=()</a> |
| Public note | View decision on European Court of Justice website... |
| 856 ## - ELECTRONIC LOCATION AND ACCESS | |
| Uniform Resource Identifier | <a href="https://www.curia.eu.int/jurisp/cgi-bin/gettext.pl?lang=en&num=79959892C19020201&doc=T&ouvert=T&seance=ARRET&where=()">https://www.curia.eu.int/jurisp/cgi-bin/gettext.pl?lang=en&num=79959892C19020201&doc=T&ouvert=T&seance=ARRET&where=()</a> |
| Public note | View decision on European Court of Justice website... |
| 856 ## - ELECTRONIC LOCATION AND ACCESS | |
| Uniform Resource Identifier | <a href="https://www.curia.eu.int/jurisp/cgi-bin/gettext.pl?lang=en&num=79959892C19020201&doc=T&ouvert=T&seance=ARRET&where=()">https://www.curia.eu.int/jurisp/cgi-bin/gettext.pl?lang=en&num=79959892C19020201&doc=T&ouvert=T&seance=ARRET&where=()</a> |
| Public note | View decision on European Court of Justice website... |
| 942 ## - ADDED ENTRY ELEMENTS (KOHA) | |
| Suppress in OPAC | 0 |
| Withdrawn status | Lost status | Source of classification or shelving scheme | Damaged status | Not for loan | Home library | Current library | Shelving location | Date acquired | Total Checkouts | Full call number | Barcode | Date last seen | Copy number | Price effective from | Koha item type |
|---|---|---|---|---|---|---|---|---|---|---|---|---|---|---|---|
| Dewey Decimal Classification | London | London | Journal article | 16/04/2004 | X125853 | 125853-1001 | 06/08/2019 | 1 | 06/08/2019 | Journal article | |||||
| Dewey Decimal Classification | Virtual | Virtual | Online | 16/04/2004 | ONLINE PUBLICATION | 125853-2001 | 06/08/2019 | 1 | 06/08/2019 | Journal article |